Чернівці (Запис № 458060)

МАРК-запис
000 -Лідер
fixed length control field 00726 a2200241 4500
003 - Ідентифікатор контрольного номера
control field UA-OsUOA
005 - Дата та час останнього входження (трансакції)
control field 20200225160206.0
008 - Елементи даних фіксованої довжини – загальна інформація
fixed length control field 200210b un ||||| |||| 00| 0 ukr d
020 ## - Міжнародний стандартний книжковий номер (ISBN)
Міжнародний стандартний книжковий номер (ISBN) (НП) 9664070123
040 ## - Джерело каталогізації
Агенція оригінальної каталогізації UA-OsUOA
Мова каталогізації ukr
Агенція, яка здійснювала перезапис UA-OsUOA
Агенція, яка здійснювала модифікацію UA-OsUOA
041 ## - Код мови
Код мови тексту/ звукової доріжки чи окремого заголовка (П) ukr
080 ## - Індекс Універсальної десяткової класифікації
Індекс Універсальної десяткової класифікації (УДК) (НП) 908
090 ## - Локальний шифр розміщення
Класифікаційний індекс УДК 908
Авторський знак (НП) Т18
100 ## - Основне введення – ім’я особи
Ім’я особи (НП) Танащик Д.
245 ## - Відомості про назву
Назва (НП) Чернівці
Дані про відповідальність (НП) Д.  Танащик
260 ## - Публікація, розповсюдження і т.п. (Вихідні дані)
Дата публікації, розповсюдження і т.п. (П) 2006
Місце публікації, розповсюдження і т.п. (П) Чернівці
300 ## - Фізичний опис
Обсяг 128 с.
Інші фізичні характеристики (НП) іл.
650 ## - Додаткове предметне введення – тематичний термін
Джерело заголовка чи терміна UDC
Тематичний термін чи географічна назва, як елемент введення (НП) 908 Краєзнавство
700 1# - Додаткове введення – ім'я особи
Ім’я особи (НП) Танащик Д.
942 ## - Додаткові елементи входу (Коха)
Тип елемента Koha Книги
Source of classification or shelving scheme Universal Decimal Classification
955 ## - Код типу видання за змістом
Код типу видання за змістом (НП) Наукові видання
Фонди
Стан вилучень Стан втрат Джерело класифікації або схеми стелажів Стан уражень Не для кредиту Постійне місце розташування Поточне розміщення Дата придбання Джерело придбання Вартість, звичайна ціна покупки Інвентарний номер Усього замовленно Повний номер виклику Штрих-код Дата останнього перегляду Ціна ефективна від Тип елемента Koha Примітка, призначена для загального доступу
    Universal Decimal Classification     Наукова бібліотека ІДУД Наукова бібліотека ІДУД 10/02/2020 Акт надходження № 2/2020 (від О. Іванусіва) 1.00 2139894   908 Т18 2139894 10/02/2020 10/02/2020 Книги Дарувальник Іванусів О.